Clearing the air in India <the> economics of climate policy with ancillary benefits
Gespeichert in:
| 1. Verfasser: | |
|---|---|
| Körperschaft: | |
| Weitere Verfasser: | |
| Format: | Buch |
| Sprache: | Englisch |
| Veröffentlicht: |
Paris
OECD
2001
|
| Schriftenreihe: | Technical papers
no. 182 |
| Schlagworte: | |
| Tags: |
Keine Tags, Fügen Sie das erste Tag hinzu!
|
MARC
| LEADER | 00000nam a2200000 4500 | ||
|---|---|---|---|
| 001 | c131084 | ||
| 005 | 20221124102858.7 | ||
| 041 | 0 | |a eng | |
| 044 | |a FR | ||
| 245 | 1 | 0 | |a Clearing the air in India |b <the> economics of climate policy with ancillary benefits |c by Maurizio Bussolo and David O'Connor |
| 264 | 1 | |a Paris |b OECD |c 2001 | |
| 300 | |a 65 s. | ||
| 490 | 1 | |a Technical papers |v no. 182 | |
| 830 | 0 | |a Technical papers |v no. 182 | |
| 610 | 2 | 0 | |a politika ekologická |
| 610 | 2 | 0 | |a politika environmentálna |
| 610 | 2 | 0 | |a klimatológia |
| 610 | 2 | 0 | |a emisie |
| 610 | 2 | 0 | |a India |
| 610 | 2 | 0 | |a vzduch |
| 610 | 2 | 0 | |a znečistenie ovzdušia |
| 610 | 2 | 0 | |a znečistenie prostredia životného |
| 610 | 2 | 0 | |a energia |
| 610 | 2 | 0 | |a energetika |
| 100 | 1 | |a Bussolo, Maurizio | |
| 700 | 1 | |a O'Connor, David | |
| 710 | 2 | |a OECD. Development Centre | |